| 000 | 01180cam a2200277 a 4500 | ||
|---|---|---|---|
| 001 | 11936564 | ||
| 005 | 20220706172803.0 | ||
| 008 | 000309s1999 enka 001 0 eng | ||
| 010 | _a 00265562 | ||
| 040 |
_aDLC _cDLC _dDLC |
||
| 050 | 0 | 0 |
_aTA405 _b.C32 1999 |
| 082 | 0 | 0 |
_a620.112 _221 _bCAS |
| 100 | 1 |
_aCase, John, _d1888-1969. _993350 |
|
| 245 | 1 | 0 |
_aStrength of Materials and Structures / _cJohn Case, Lord Chilver of Cranfield, Carl T.F. Ross. |
| 260 |
_aLondon ; _aNew York : _bArnold, _c1999. |
||
| 300 |
_axii, 706 p. : ? _billus. ; _c25 cm. |
||
| 500 | _aFirst ed. published in 1959 under title: Strength of materials. | ||
| 650 | 0 | _aStrength of materials. | |
| 700 | 1 |
_aChilver, Henry Chilver, _cBaron, _d1926-2012. _993351 |
|
| 700 | 1 |
_aRoss, C. T. F., _d1935- _993352 |
|
| 856 | 4 | 1 |
_3Table of contents _uhttp://www.loc.gov/catdir/toc/els051/00265562.html |
| 856 | 4 | 2 |
_3Publisher description _uhttp://www.loc.gov/catdir/description/els031/00265562.html |
| 906 |
_a7 _bcbc _corigcop _d2 _encip _f20 _gy-gencatlg |
||
| 942 |
_2ddc _cBK |
||
| 999 |
_c590284 _d590284 |
||